[Event "Landesliga Nord 0203"]
[Site "Bayern"]
[Date "2003.03.30"]
[Round "9.8"]
[White "Heimerdinger, Joerg"]
[Black "Grafl, Reinhard"]
[Result "1-0"]
[WhiteElo "2021"]
[BlackElo "1859"]
[PlyCount "69"]
[EventDate "2002.10.20"]
[EventType "team"]
[EventRounds "9"]
[EventCountry "GER"]
[SourceTitle "EXT 2004"]
[Source "ChessBase"]
[SourceDate "2003.11.25"]
[SourceVersion "1"]
[SourceVersionDate "2003.11.25"]
[SourceQuality "1"]
[WhiteTeam "Bindlach II"]
[BlackTeam "Kelheim"]
[WhiteTeamCountry "GER"]
[BlackTeamCountry "GER"]

1. e4 Nf6 2. e5 Nd5 3. d4 d6 4. c4 Nb6 5. exd6 exd6 6. Nc3 Nc6 7. Be3 Be7 8. Qf3 0-0 9. h4 Re8 10. 0-0-0 Nd7 11. g4 Nf6 12. Bh3 g6 13. h5 gxh5 14. gxh5 Kh8 15. Nge2 Bxh3 16. Rxh3 Rg8 17. Rg3 Rxg3 18. Nxg3 Qg8 19. Nf5 Qg4 20. Qxg4 Nxg4 21. d5 Nxe3 22. fxe3 Ne5 23. Nxe7 Nxc4 24. Nf5 Rg8 25. b3 Ne5 26. e4 a6 27. Rd2 Rg5 28. h6 f6 29. Ne2 Rg4 30. Neg3 Kg8 31. Rc2 Nd3+ 32. Kd2 Nc5 33. Ke3 a5 34. Kf3 Rg5 35. a3 1-0

[Event "Landesliga Nord 0001"]
[Site "Bayern"]
[Date "2001.03.11"]
[Round "7"]
[White "Haubold, Martin"]
[Black "Grafl, Reinhard"]
[Result "1/2-1/2"]
[WhiteElo "1907"]
[BlackElo "1776"]
[PlyCount "93"]
[EventDate "2000.10.15"]
[EventType "team-tourn"]
[EventRounds "9"]
[EventCountry "GER"]
[SourceTitle "EXT 2020"]
[Source "ChessBase"]
[SourceDate "2019.10.17"]
[SourceVersion "1"]
[SourceVersionDate "2019.10.17"]
[SourceQuality "1"]
[WhiteTeam "Forchheim II"]
[BlackTeam "Kelheim"]
[WhiteTeamCountry "GER"]
[BlackTeamCountry "GER"]

1. d4 Nf6 2. c4 g6 3. Nc3 d5 4. cxd5 Nxd5 5. e4 Nxc3 6. bxc3 Bg7 7. Nf3 c5 8. Be3 Nc6 9. Rc1 cxd4 10. cxd4 0-0 11. Qd2 Bg4 12. d5 Bxf3 13. gxf3 Ne5 14. Be2 Rc8 15. 0-0 Qd7 16. f4 Ng4 17. Bxa7 Nf6 18. Bf3 Qa4 19. Qe3 Qxa2 20. Ra1 Qc4 21. Rac1 Qb5 22. Bc5 Rfe8 23. e5 Nd7 24. Ba3 b6 25. Rb1 Qa5 26. Bb4 Qa4 27. Rfc1 Rxc1+ 28. Qxc1 Nc5 29. Qd1 Qxd1+ 30. Rxd1 Bh6 31. Rd4 Rd8 32. Kg2 Kf8 33. Kg3 g5 34. f5 Bg7 35. f6 exf6 36. exf6 Bxf6 37. Rc4 Be7 38. Kg4 h6 39. Kh5 Kg7 40. Bxc5 Bxc5 41. Rc2 Rd6 42. Re2 Rf6 43. Kg4 Rf4+ 44. Kg3 Bd6 45. Kg2 Be5 46. Rd2 Rd4 47. Rxd4 1/2-1/2

[Event "Landesliga Nord 9900"]
[Site "Bayern"]
[Date "2000.03.12"]
[Round "7.8"]
[White "Dey, Jan Marten"]
[Black "Grafl, Reinhard"]
[Result "1-0"]
[WhiteElo "2094"]
[BlackElo "1776"]
[PlyCount "75"]
[EventDate "1999.10.10"]
[EventType "team-tourn"]
[EventRounds "9"]
[EventCountry "GER"]
[SourceTitle "EXT 2020"]
[Source "ChessBase"]
[SourceDate "2019.10.17"]
[SourceVersion "1"]
[SourceVersionDate "2019.10.17"]
[SourceQuality "1"]
[WhiteTeam "Zirndorf"]
[BlackTeam "Kelheim"]
[WhiteTeamCountry "GER"]
[BlackTeamCountry "GER"]

1. e4 c5 2. Nf3 d6 3. Bb5+ Bd7 4. Bxd7+ Qxd7 5. c4 Nc6 6. Nc3 g6 7. d4 cxd4 8. Nxd4 Bg7 9. Be3 Nf6 10. f3 0-0 11. 0-0 Rfc8 12. b3 Nxd4 13. Bxd4 Qc6 14. Qd2 Rd8 15. Rac1 Rd7 16. Rfd1 b6 17. Nd5 Nxd5 18. cxd5 Bxd4+ 19. Qxd4 Qb7 20. Rc6 Rc8 21. Rdc1 Rdc7 22. Qc4 Rxc6 23. dxc6 Qb8 24. a4 Rc7 25. b4 Qc8 26. b5 Qe6 27. Qc3 f5 28. Qd4 Kf7 29. Ra1 Qe5 30. Qxe5 dxe5 31. Rd1 Ke6 32. Rd8 h5 33. h4 f4 34. Kf2 a6 35. bxa6 Ra7 36. Ke2 Kf7 37. Kd3 e6 38. Rd7+ 1-0

[Event "Regionalliga NO 9596"]
[Site "Bayern"]
[Date "1996.??.??"]
[Round "?"]
[White "Stephan, Eberhard"]
[Black "Grafl, Reinhard"]
[Result "1-0"]
[WhiteElo "1990"]
[BlackElo "1880"]
[PlyCount "129"]
[EventDate "1995.10.??"]
[EventType "team-tourn"]
[EventRounds "9"]
[EventCountry "GER"]
[SourceTitle "EXT 1999"]
[Source "ChessBase"]
[SourceDate "1998.11.16"]
[SourceVersion "1"]
[SourceVersionDate "1998.11.16"]
[SourceQuality "1"]
[WhiteTeam "Gunzenhausen"]
[BlackTeam "Kelheim II"]
[WhiteTeamCountry "GER"]
[BlackTeamCountry "GER"]

1. d4 Nf6 2. c4 g6 3. Nc3 d5 4. cxd5 Nxd5 5. e4 Nxc3 6. bxc3 Bg7 7. Be3 0-0 8. Rc1 c5 9. Nf3 Qa5 10. Qd2 Rd8 11. d5 Nc6 12. Bd3 c4 13. Bxc4 e6 14. Bg5 Rd6 15. Qf4 Bxc3+ 16. Kf1 e5 17. Qh4 Qb4 18. Bd3 Bb2 19. Re1 Qc3 20. Be2 Nb4 21. Qh6 f6 22. Bd2 Qc5 23. h4 Nc2 24. Rb1 Bd4 25. h5 g5 26. Nxd4 Nxd4 27. Rc1 Qb6 28. Bxg5 Nxe2 29. Kxe2 Bd7 30. Be3 Bb5+ 31. Kf3 Qd8 32. Rh3 Kh8 33. Rg3 Qf8 34. Rc7 Rd7 35. Qxf8+ Rxf8 36. Rxd7 Bxd7 37. Bh6 Rg8 38. Be3 a6 39. Bc5 Rxg3+ 40. Kxg3 Kg7 41. f4 Be8 42. fxe5 fxe5 43. Kg4 Kf6 44. Bb6 Bd7+ 45. Kh4 h6 46. Bd8+ Kf7 47. Bc7 Kf6 48. Bd6 Ba4 49. Bf8 Bc2 50. Bxh6 Bxe4 51. Bg5+ Kf7 52. d6 Ke6 53. g4 Kxd6 54. Bc1 Ke6 55. Kg5 Bb1 56. Kh6 Kf7 57. a3 b5 58. g5 a5 59. g6+ Kg8 60. Kg5 b4 61. axb4 axb4 62. h6 b3 63. Bb2 Bxg6 64. Kxg6 Kh8 65. Bxe5+ 1-0